000 00314nam a2200133Ia 4500
008 240112s1975 JAN-DEC xx 000 0 und d
041 _aeng
082 _a617.05
100 _aMOSER R.H.
245 _aARCHIVES OF SURGERY
260 _bA.M.A
_c1975 JAN-DEC
300 _a1542,HB
_c(1-12)
440 _v110
999 _c1141690
_d1141690